LEADER 00868nam0-22003011i-450- 001 990000089290403321 035 $a000008929 035 $aFED01000008929 035 $a(Aleph)000008929FED01 035 $a000008929 100 $a20011111d--------km-y0itay50------ba 101 0 $aita 105 $ay-------001yy 200 1 $a<>moyens de découvrir les eaux souterraines et de les utiliser$fHenri Mager. 210 $aParis$cH. Dunod et E. Pinat$d1912 215 $a775 p.$cill.$d24 cm 300 $aPrecede il tit.: Hydrologie souterraine 610 0 $aAcque sotterranee$aRicerca 610 0 $aAcque sotterranee$aUtilizzazione 676 $a553.79 700 1$aMager,$bHenri 801 0$aIT$bUNINA$gRICA$2UNIMARC 901 $aBK 912 $a990000089290403321 952 $a13 N 42 28$b808$fFINBC 959 $aFINBC 997 $aUNINA DB $aING01 LEADER 01459nam 2200373 450 001 9910132103703321 005 20240208173542.0 010 $a1-55442-904-8 035 $a(CKB)3680000000169106 035 $a(NjHacI)993680000000169106 035 $a(EXLCZ)993680000000169106 100 $a20240208d2004 uy 0 101 0 $afre 135 $aur||||||||||| 181 $ctxt$2rdacontent 182 $cc$2rdamedia 183 $acr$2rdacarrier 200 10$aIde?ologies et pratiques syndicales au Que?bec dans les anne?es '30 $ela loi de l'extension juridique de la convention collective de travail /$fCe?line Saint-Pierre 210 1$aChicoutimi :$cJ.-M. Tremblay,$d2004. 215 $a1 online resource 225 1 $aClassiques des sciences sociales 327 $aNote pre?liminaire -- 1. Introduction -- 2. La Confe?de?ration des travailleurs catholiques du Canada (C.T.C.C.) et l'extension juridique de la convention collective -- Conclusion. 410 0$aClassiques des sciences sociales. 517 $aIdéologies et pratiques syndicales au Québec dans les années '30 606 $aLabor unions$xHistory 615 0$aLabor unions$xHistory. 676 $a331.8809669 700 $aSaint-Pierre$b Ce?line$01278763 801 0$bNjHacI 801 1$bNjHacl 906 $aBOOK 912 $a9910132103703321 996 $aIde?ologies et pratiques syndicales au Que?bec dans les anne?es '30$93909815 997 $aUNINA